000 00392cam a2200157 4500
001 L127352
008 040913n2008 000 0 eng u
020 _a1405130016
035 _a(Sirsi) u127352
100 _aBarras, R.
245 _aBuilding cycles and urban development
260 _aBlackwells
_c2008
350 _a42.50
520 _aDue for publication October 2009
942 _n0
999 _c103751
_d103751